Elements d' Archeologie chretienne
Збережено в:
| Автор: | |
|---|---|
| Формат: | Книга |
| Мова: | Французька |
| Опубліковано: |
París
Desclée. Lefebvre et Cie
1899
|
| Редагування: | 1a. ed |
| Предмети: | |
| Теги: |
Додати тег
Немає тегів, Будьте першим, хто поставить тег для цього запису!
|
MARC
| LEADER | 00000cam a2200000 a 4500 | ||
|---|---|---|---|
| 001 | UCD2655 | ||
| 003 | CL-VaPUC | ||
| 008 | 160505e18990000fr |||||||||||||||||fre|d | ||
| 082 | 0 | 4 | |a 221.93 |b MAR |2 21 |
| 100 | |a Marucchi, Horace |e autor |9 586066 | ||
| 245 | 1 | 0 | |a Elements d' Archeologie chretienne |
| 250 | |a 1a. ed | ||
| 300 | |a t | ||
| 942 | |c BK | ||
| 945 | |d 20160505 16:04:00 |a dcastane | ||
| 260 | |a París |b Desclée. Lefebvre et Cie |c 1899 | ||
| 500 | |a t.1: notions generales | ||
| 500 | |a t.2: itineraire des catacombes | ||
| 500 | |a t.3: basiliques et eglises de Rome | ||
| 650 | 0 | |a Arqueología bíblica |9 317810 | |
| 583 | |a last modification |c 20160505 16:04:00 |k Rodrigo Vera | ||
| 999 | |c 363777 |d 363775 | ||
| 952 | |0 0 |1 0 |3 erd |4 0 |6 221_930000000000000_MAR_1899 |7 0 |8 X |9 476488 |a BIBTEO |b BIBTEO |c TEO_FFR |h t.1 |i 5229952 |o 221.93 MAR 1899 |p 5229952 |r 2024-01-18 |w 2019-11-24 |y BK_X |z Catalogado en:20160505 |k OFM | ||
| 952 | |0 0 |1 0 |3 erd |4 0 |6 221_930000000000000_MAR_1899 |7 0 |8 X |9 476489 |a BIBTEO |b BIBTEO |c TEO_FFR |h t.2 |i 5229960 |o 221.93 MAR 1899 |p 5229960 |r 2024-01-18 |w 2019-11-24 |y BK_X |z Catalogado en:20160505 |k OFM | ||
| 952 | |0 0 |1 0 |3 erd |4 0 |6 221_930000000000000_MAR_1899 |7 0 |8 X |9 476490 |a BIBTEO |b BIBTEO |c TEO_FFR |h t.3 |i 5229979 |o 221.93 MAR 1899 |p 5229979 |r 2024-01-18 |w 2019-11-24 |y BK_X |z Catalogado en:20160505 |k OFM | ||